| 000 | 00644cam a22002411 4500 | ||
|---|---|---|---|
| 001 | sa 67003647 | ||
| 003 | DLC | ||
| 005 | 20260227112339.0 | ||
| 008 | 850406s1966 ii 000 1 benx | ||
| 010 | _asa 67003647 | ||
| 020 | _cRs6.00 | ||
| 025 | _aPL480:I-B-2780 | ||
| 035 | _a(OCoLC)13888100 | ||
| 040 |
_aDLC _cNN _dDLC |
||
| 042 | _apremarc | ||
| 050 | 0 | 0 |
_aPK1730.14.A8356 _bB5 |
| 100 | 1 |
_aBhattacharya, Lokenath, _d1927-2001. |
|
| 245 | 1 | 0 |
_aBhora. _c[Lekhaka] Lokanātha Bhaṭṭācārya. |
| 260 |
_aKalikātā, _bBeṅgala Pābaliśārsa _c[1966] |
||
| 300 |
_a219 p. _c22 cm. |
||
| 500 | _aIn Bengali. | ||
| 500 | _aA novel. | ||
| 999 |
_c73954 _d73954 |
||